Report of the National Bipartisan Commission on Central America. (Record no. 22422)
[ view plain ]
| 000 -LEADER | |
|---|---|
| campo de control de longitud fija | 01111cam a2200277 a 4500 |
| 001 - NÚMERO DE CONTROL | |
| campo de control | 37260 |
| 005 - FECHA Y HORA DE LA ÚLTIMA TRANSACCIÓN | |
| campo de control | 20230410103618.0 |
| 008 - DATOS DE LONGITUD FIJA--INFORMACIÓN GENERAL | |
| campo de control de longitud fija | 840511s1984 us b 000 0 eng c |
| 010 ## - NÚMERO DE CONTROL DE LA BIBLIOTECA DEL CONGRESO | |
| Número de control de LC | 84601568 |
| 050 14 - SIGNATURA TOPOGRÁFICA DE LA BIBLIOTECA DEL CONGRESO | |
| Número de clasificación | 130 F 1436.8 |
| Número de ítem | U58r 1984 |
| 082 00 - NÚMERO DE LA CLASIFICACIÓN DECIMAL DEWEY | |
| Número de clasificación | 972.8/052 |
| Número de edición | 19 |
| 110 1# - ENTRADA PRINCIPAL--NOMBRE DE ENTIDAD CORPORATIVA | |
| Nombre de entidad corporativa o nombre de jurisdicción como elemento de entrada | United States. |
| Unidad subordinada | National Bipartisan Commission on Central America. |
| 245 10 - MENCIÓN DEL TÍTULO | |
| Título | Report of the National Bipartisan Commission on Central America. |
| 260 ## - PUBLICACIÓN, DISTRIBUCIÓN, ETC. | |
| Lugar de publicación, distribución, etc. | Washington, D.C. : |
| Nombre del editor, distribuidor, etc. | The Commission : |
| -- | For the sale by the Superintendent of Documents, U.S. Government Printing Office, |
| Fecha de publicación, distribución, etc. | 1984. |
| 300 ## - DESCRIPCIÓN FÍSICA | |
| Extensión | 132 p. |
| 500 ## - NOTA GENERAL | |
| Nota general | Cover title. |
| 500 ## - NOTA GENERAL | |
| Nota general | "January 1984"--Report. |
| 651 #0 - PUNTO DE ACCESO ADICIONAL DE MATERIA--NOMBRE GEOGRÁFICO | |
| Nombre geográfico | Central America |
| Subdivisión general | Foreign relations |
| Subdivisión geográfica | United States. |
| 651 #0 - PUNTO DE ACCESO ADICIONAL DE MATERIA--NOMBRE GEOGRÁFICO | |
| Nombre geográfico | United States |
| Subdivisión general | Foreign relations |
| Subdivisión geográfica | Central America. |
| 651 #0 - PUNTO DE ACCESO ADICIONAL DE MATERIA--NOMBRE GEOGRÁFICO | |
| Nombre geográfico | Central America |
| Subdivisión general | Politics and government |
| Subdivisión cronológica | 1951-1979. |
| 651 #0 - PUNTO DE ACCESO ADICIONAL DE MATERIA--NOMBRE GEOGRÁFICO | |
| Nombre geográfico | Central America |
| Subdivisión general | Politics and government |
| Subdivisión cronológica | 1979- |
| 651 #0 - PUNTO DE ACCESO ADICIONAL DE MATERIA--NOMBRE GEOGRÁFICO | |
| Nombre geográfico | Central America |
| Subdivisión general | Economic conditions |
| Subdivisión cronológica | 1979- |
| 651 #0 - PUNTO DE ACCESO ADICIONAL DE MATERIA--NOMBRE GEOGRÁFICO | |
| Nombre geográfico | Central America |
| Subdivisión general | Social conditions |
| Subdivisión cronológica | 1979- |
| 650 #0 - PUNTO DE ACCESO ADICIONAL DE MATERIA--TÉRMINO DE MATERIA | |
| Término de materia o nombre geográfico como elemento de entrada | National security |
| Subdivisión geográfica | Central America. |
| 942 ## - ELEMENTOS DE ENTRADA SECUNDARIOS (KOHA) | |
| Fuente del sistema de clasificación o colocación | Clasificación de Library of Congress |
| Tipo de ítem Koha | |
| Estatus retirado | Estado de pérdida | Fuente del sistema de clasificación o colocación | Estado de daño | No para préstamo | Colección | Biblioteca de origen | Biblioteca actual | Ubicación en estantería | Fecha de adquisición | Serial enumeration / chronology | Signatura topográfica completa | Código de barras | Visto por última vez | Copia número | Tipo de ítem Koha |
|---|---|---|---|---|---|---|---|---|---|---|---|---|---|---|---|
| Clasificación de Library of Congress | Recursos Regionales | Biblioteca Juan Bosch | Biblioteca Juan Bosch | Recursos Regionales (2do. Piso) | 10/04/2023 | 1 | 130 F 1436.8 U58r 1984 | 00000038753 | 23/10/2018 | 1 |
